00370pab a2200133 454500008004000000100001400040245007000054260000900124300001300133362000800146650003300154650002000187773002900207180718b1995 xxu||||| |||| 00| 0 eng d aHuby, Meg aWater poverty and social policyba review of issues for research. c1995 ap.219-36 aApr aWater supply - Great Britain aWater resources aJournal of Social Policy